000 01246nam a2200205 4500
001 2693
005 20230410115453.0
008 060907n1995 dr spa
020 _a9580430675
035 _9funglode2703
041 _aES
050 1 4 _aHD 82 V715z 1995
100 _aVillamizar A., Rodrigo
245 1 _aZenshin :
_bLecciones de los países del Asia - Pacífico para Colombia /
_cRodrigo Villamizar A., Juan Carlos Mondragón A
260 _aBogotá :
_bGrupo Editorial Norma,
_c1995
300 _axxv, 210 p.
520 _aT-P-C : Tecnología, productividad y competitividad, 1. -- Un nuevo fenómeno : La globalización, 29. -- Algo pasó en Asia, 61. -- Japón : La presencia del Estado en la economía, 85. -- Corea del Sur : Planeación y tecnología, 97. -- Malasia : La creación de ventajas competitivas, 113. -- Singapur : Desarrollo de recursos humanos para el siglo XXI, 127. -- Taiwán : La participación de la pequeña y la mediana industria en el proceso de industrialización, 137. -- Quince lecciones, 151. -- Agenda para el siglo XXI : Reflexiones y recomendaciones acerca de una política para los países en vías de transformación, 191
700 _aMondragón A., Juan Carlos
942 _2lcc
_cbk
999 _c41831
_d41831